Normal view
MARC view
Entry Topical Term
001 - CONTROL NUMBER
- control field: 16417
003 - CONTROL NUMBER IDENTIFIER
- control field: ARRUPE
005 - DATE AND TIME OF LATEST TRANSACTION
- control field: 20150318114534.0
008 - FIXED-LENGTH DATA ELEMENTS
- fixed length control field: 150318|| aca||aabn | a|a d
040 ## - CATALOGING SOURCE
- Original cataloging agency: ARRUPE
- Transcribing agency: ARRUPE
150 ## - HEADING--TOPICAL TERM
- Topical term or geographic name as entry element: Science
- General subdivision: History
- Chronological subdivision: 17th century
- Geographic subdivision: England
670 ## - SOURCE DATA FOUND
- Source citation: Work cat.: (ARRUPE): Dobbs B.J.T 16416, Newton and the culture of Newtonianism , 1995